Normale Ansicht MARC-Ansicht ISBD

Hart an der Grenze. (Titelsatznr. 372233)

[ MARC ]
MARC-Details
000 -Satzkennung
Kontrollfeld mit fester Länge 00735nam a22001817a 4500
008 - Feld mit fester Länge zur physischen Beschreibung - Allgemeine Angaben
Kontrollfeld mit fester Länge 201127b ||||| |||| 00| 0 eng d
040 ## - Katalogisierungsquelle
Original-Katalogisierungsstelle DE-2950
Katalogisierungssprache ger
Übertragungsstelle DE-2950
Beschreibungsfestlegungen rda
041 ## - Sprachcode
Sprachcode des Textes/der Tonspur oder des separaten Titels ger
245 ## - Titel
Haupttitel Hart an der Grenze.
Titelzusatz Buhnen. Im Dezember 2022 verhängte ein polnisches Verwaltungsgericht einen Baustopp an der Oder. Wegen des Streits um die Umweltauflagen. die Bagger machen trotzdem weiter /
Verantwortlichkeitsangabe Nancy Waldmann
264 ## - Veröffentlichungsangabe, Vertriebsangabe, Herstellungsangabe
Erscheinungs-, Vertriebs-, Herstellungsdatum 2023
653 ## - Lokales Schlagwort
Nicht-normierter Term Oder <Fluss>
653 ## - Lokales Schlagwort
Nicht-normierter Term Ausbau
773 ## - Übergeordnete Einheit
Ort, Verlag und Erscheinungsjahr Frankfurt (Oder) Märkisches Verlags- und Druckhaus GmbH & Co KG
Titel Märkische Oderzeitung
Verknüpfungsangaben 34. Jahrgang (2023) Nr. 41 vom 17.02.2023, S.9: mit Foto
942 ## - Zusätzliche Felder (Koha)
Koha-Medientyp Aufsätze
Exemplare
Ausgeschieden Verloren Beschädigt Nicht entleihbar Permanenter Standort Aktueller Standort Aufstellungsort Eingabedatum Anzahl Ausleihen Signatur Letzte Aktivität Preis gültig von Medientyp
        Stadtarchiv Frankfurt (Oder) | Archivbibliothek Stadtarchiv Frankfurt (Oder) | Archivbibliothek Magazin 17/02/2023   Z2 17/02/2023 17/02/2023 Aufsätze